Faktory úspešnosti inovačných aktivít firiem pôsobiacich na Slovensku

Analýza aktuálneho stavu inovačných aktivít firiem pôsobiacich v podnikateľskom prostredí SR. Faktory ovplyvňujúce schopnosť firiem riadiť inovácie. Výskum inovačných aktivít a inovačných procesov vo firmách pôsobiacich na Slovensku.

Salvato in:
Dettagli Bibliografici
Autore principale: Knošková, Ľubica, 1965-
Altri autori: Kollár, Vojtech
Natura: Capitolo di libro
Lingua:slovacco
Soggetti:
Tags: Aggiungi Tag
Nessun Tag, puoi essere il primo ad aggiungerne!!

MARC

LEADER 00000naa a2200000 4500
001 0146643
005 20240502072639.2
041 0 |a slo 
044 |a SK 
245 1 0 |a Faktory úspešnosti inovačných aktivít firiem pôsobiacich na Slovensku  |c Ľubica Knošková, Vojtech Kollár 
520 |a Analýza aktuálneho stavu inovačných aktivít firiem pôsobiacich v podnikateľskom prostredí SR. Faktory ovplyvňujúce schopnosť firiem riadiť inovácie. Výskum inovačných aktivít a inovačných procesov vo firmách pôsobiacich na Slovensku. 
610 2 0 |a stratégia inovačná 
610 2 0 |a prostredie podnikateľské 
610 2 0 |a Slovensko 
610 2 0 |a výskum ekonomický 
610 2 0 |a firmy 
100 1 |a Knošková, Ľubica, 1965- 
700 1 |a Kollár, Vojtech